000 00501nam a2200193Ia 4500
003 GCL
008 140319s9999 xx 000 0 eng d
040 _aGCL /
_cGCL
082 0 4 _a420.76
_bS E
100 1 _aSILLARS, STUART
245 1 0 _aENGLISH /
_cSILLARS, STUART
260 _a[S.N] :
_bLONGMAN ،
_c1994
300 _a197 p
650 0 4 _aCURRICULUM SUBJECTS
650 0 4 _aENGLISH LANGUAGE
650 0 4 _aENGLISH SECONDARY SCHOOLS
650 0 4 _aG C E (A-LEVEL)EXAMINATIONS
942 _2ddc
_cBK
999 _c17653
_d17653